[Event "Tula Rjazanov Memorial"]
[Site "Tula"]
[Date "2016.02.14"]
[Round "9"]
[White "Novikov, Mikhail G"]
[Black "Ivanov, Igor Y"]
[Result "1-0"]
[WhiteElo "2053"]
[BlackElo "1978"]
[PlyCount "97"]
[EventDate "2016.02.05"]
[EventType "swiss"]
[EventRounds "9"]
[EventCountry "RUS"]
[SourceTitle "CBM 171 Extra"]
[Source "ChessBase"]
[SourceDate "2016.04.26"]
[SourceVersion "1"]
[SourceVersionDate "2016.04.26"]
[SourceQuality "1"]

1. e4 c5 2. Nc3 d6 3. Bc4 e6 4. Nf3 Nf6 5. d3 Be7 6. Bf4 0-0 7. e5 dxe5 8. Bxe5 a6 9. a4 Nc6 10. 0-0 Nxe5 11. Nxe5 Qc7 12. Nf3 Bd6 13. d4 Rd8 14. d5 exd5 15. Bxd5 Bg4 16. h3 Bh5 17. Qd3 Bxf3 18. Qxf3 Nxd5 19. Nxd5 Qc6 20. b3 Rd7 21. c4 Re8 22. Qg4 Bb8 23. Nf6+ Qxf6 24. Qxd7 Qe5 25. g3 Qe7 26. Qxe7 Rxe7 27. Rfe1 Be5 28. Rad1 f6 29. Kg2 Rc7 30. Rd8+ Kf7 31. Red1 Bd4 32. b4 Ke7 33. Rd5 b6 34. bxc5 bxc5 35. Re1+ Kf7 36. Rd6 a5 37. Ra6 Rb7 38. Re2 Rb4 39. Rxa5 Rxc4 40. Ra7+ Kf8 41. Ree7 Rc2 42. Rf7+ Ke8 43. Kf1 Rxf2+ 44. Ke1 Rb2 45. Rxg7 Kf8 46. Rxh7 Kg8 47. Rhd7 Rb8 48. a5 Kf8 49. a6 1-0

[Event "Tula Rjazanov Memorial"]
[Site "Tula"]
[Date "2016.02.08"]
[Round "3"]
[White "Ivanov, Igor Y"]
[Black "Krupoder, Sergey"]
[Result "1-0"]
[WhiteElo "1978"]
[BlackElo "1813"]
[PlyCount "123"]
[EventDate "2016.02.05"]
[EventType "swiss"]
[EventRounds "9"]
[EventCountry "RUS"]
[SourceTitle "CBM 171 Extra"]
[Source "ChessBase"]
[SourceDate "2016.04.26"]
[SourceVersion "1"]
[SourceVersionDate "2016.04.26"]
[SourceQuality "1"]

1. d4 Nf6 2. g3 d5 3. Bg2 c6 4. c4 dxc4 5. Nc3 e5 6. dxe5 Qxd1+ 7. Nxd1 Nd5 8. a3 Nd7 9. Bf4 Nxf4 10. gxf4 Nc5 11. Ne3 Nb3 12. Rb1 Be6 13. f5 Bd7 14. Be4 Nc5 15. Bc2 b5 16. Nf3 g6 17. Nd4 Bh6 18. Ng4 Bg5 19. h4 Bd8 20. e6 fxe6 21. fxg6 hxg6 22. Bxg6+ Kf8 23. h5 Kg7 24. Ne5 Bf6 25. Ndf3 a5 26. Rd1 Rad8 27. Rg1 Kf8 28. Nf7 Rg8 29. Nxd8 Bxd8 30. Ne5 Ke7 31. Nf7 Bc7 32. h6 Be8 33. h7 Bxf7 34. hxg8Q Bxg8 35. Bc2 Bf7 36. Rh1 Kf6 37. Rh7 Be5 38. Rb1 b4 39. axb4 axb4 40. Rh6+ Kg5 41. Rh3 b3 42. Bd1 Ne4 43. f3 Bg3+ 44. Rxg3+ Nxg3 45. Kf2 Nf5 46. Rc1 e5 47. e3 Kf6 48. Be2 Nd6 49. e4 c5 50. Ke3 Kg5 51. Ra1 Kf6 52. Ra6 Ke7 53. f4 exf4+ 54. Kxf4 Nb5 55. Ke5 Nd4 56. Ra7+ Kf8 57. Kf6 Be8 58. Bxc4 Bc6 59. e5 Ke8 60. e6 Nb5 61. Bxb5 Bxb5 62. Ra8# 1-0

[Event "Tula Rjazanov Memorial"]
[Site "Tula"]
[Date "2016.02.07"]
[Round "2"]
[White "Zerzhalova, Svetlana"]
[Black "Ivanov, Igor Y"]
[Result "1-0"]
[WhiteElo "1879"]
[BlackElo "1978"]
[PlyCount "85"]
[EventDate "2016.02.05"]
[EventType "swiss"]
[EventRounds "9"]
[EventCountry "RUS"]
[SourceTitle "CBM 171 Extra"]
[Source "ChessBase"]
[SourceDate "2016.04.26"]
[SourceVersion "1"]
[SourceVersionDate "2016.04.26"]
[SourceQuality "1"]

1. e4 c5 2. Nf3 d6 3. d4 cxd4 4. Nxd4 Nf6 5. Nc3 g6 6. Be3 Bg7 7. f3 0-0 8. Qd2 Nc6 9. Nxc6 bxc6 10. 0-0-0 c5 11. g4 Be6 12. e5 dxe5 13. Qxd8 Rfxd8 14. Rxd8+ Rxd8 15. Bxc5 Kf8 16. Bd3 Rc8 17. Bxa7 Nd5 18. Nxd5 Bxd5 19. Be4 Bxe4 20. fxe4 Rc4 21. Re1 Ra4 22. Bc5 Rxa2 23. Kb1 Ra5 24. b4 Ra8 25. Kb2 Ke8 26. Kb3 e6 27. b5 Bf8 28. Bxf8 Kxf8 29. c4 Rb8 30. Kb4 f5 31. gxf5 exf5 32. exf5 gxf5 33. Rxe5 Kf7 34. Rxf5+ Ke6 35. Rh5 Rb7 36. c5 Kf6 37. c6 Rc7 38. Kc5 Kg6 39. Rd5 h5 40. b6 Rc8 41. b7 Rb8 42. c7 Rxb7 43. c8Q 1-0

[Event "Palanga op"]
[Site "Palanga"]
[Date "2015.06.19"]
[Round "7"]
[White "Ivanov, Igor Y"]
[Black "Antonivs, Vladislavs"]
[Result "1-0"]
[WhiteElo "1835"]
[BlackElo "1777"]
[PlyCount "73"]
[EventDate "2015.06.15"]
[EventType "swiss"]
[EventRounds "9"]
[EventCountry "LTU"]
[SourceTitle "CBM 167 Extra"]
[Source "ChessBase"]
[SourceDate "2015.09.14"]
[SourceVersion "1"]
[SourceVersionDate "2015.09.14"]
[SourceQuality "1"]

1. c4 e5 2. b3 Nc6 3. Bb2 d6 4. e3 g6 5. Nf3 Bg7 6. d4 Bg4 7. Be2 Nh6 8. b4 exd4 9. Nxd4 Bxe2 10. Qxe2 0-0 11. Nxc6 bxc6 12. 0-0 Rb8 13. a3 Qd7 14. h3 Nf5 15. Bxg7 Nxg7 16. Nc3 Ne6 17. Rfd1 Qe7 18. Qf3 Qe8 19. Rab1 a6 20. h4 f5 21. Re1 Qd7 22. Rbd1 a5 23. Rb1 axb4 24. axb4 Ra8 25. Ra1 Rfb8 26. Rxa8 Rxa8 27. b5 Nd8 28. Nd5 Kg7 29. bxc6 Qf7 30. e4 fxe4 31. Qc3+ Kf8 32. Rxe4 Ne6 33. Qh8+ Qg8 34. Qxg8+ Kxg8 35. Rxe6 Ra4 36. Re8+ Kf7 37. Re7+ 1-0

[Event "Palanga op"]
[Site "Palanga"]
[Date "2015.06.19"]
[Round "8"]
[White "Vaitonis, Vytautas"]
[Black "Ivanov, Igor Y"]
[Result "1/2-1/2"]
[WhiteElo "2036"]
[BlackElo "1835"]
[PlyCount "82"]
[EventDate "2015.06.15"]
[EventType "swiss"]
[EventRounds "9"]
[EventCountry "LTU"]
[SourceTitle "CBM 167 Extra"]
[Source "ChessBase"]
[SourceDate "2015.09.14"]
[SourceVersion "1"]
[SourceVersionDate "2015.09.14"]
[SourceQuality "1"]

1. d4 Nf6 2. Nf3 e6 3. c4 c5 4. e3 cxd4 5. exd4 d6 6. Nc3 b6 7. Bd3 Bb7 8. 0-0 Nbd7 9. Bf4 a6 10. Re1 Rc8 11. Rc1 Nh5 12. Bd2 Nhf6 13. d5 e5 14. Nd4 Be7 15. Nf5 0-0 16. Qf3 Ne8 17. Ne4 Nc5 18. Nxc5 Rxc5 19. Be3 Bg5 20. Bxc5 Bxc1 21. Bxb6 Qxb6 22. Rxc1 g6 23. Qe3 Qc7 24. Ng3 f5 25. f4 e4 26. Bf1 Nf6 27. h3 Rc8 28. Rc3 Rb8 29. b4 Rc8 30. Rb3 Nd7 31. Qd4 Qb6 32. Qxb6 Nxb6 33. c5 Nxd5 34. cxd6 Rd8 35. b5 Rxd6 36. Bc4 Kg7 37. Ne2 a5 38. Bxd5 Bxd5 39. Rb2 Rb6 40. a4 Kf7 41. Kf2 Ke7 1/2-1/2

[Event "Palanga op"]
[Site "Palanga"]
[Date "2015.06.18"]
[Round "5"]
[White "Brazdzionis, Andrius"]
[Black "Ivanov, Igor Y"]
[Result "1-0"]
[WhiteElo "2132"]
[BlackElo "1835"]
[PlyCount "95"]
[EventDate "2015.06.15"]
[EventType "swiss"]
[EventRounds "9"]
[EventCountry "LTU"]
[SourceTitle "CBM 167 Extra"]
[Source "ChessBase"]
[SourceDate "2015.09.14"]
[SourceVersion "1"]
[SourceVersionDate "2015.09.14"]
[SourceQuality "1"]

1. d4 e6 2. Nf3 c5 3. e4 cxd4 4. Nxd4 Nf6 5. Nc3 Nc6 6. Ndb5 Bb4 7. a3 Bxc3+ 8. Nxc3 d5 9. exd5 exd5 10. Be2 h6 11. 0-0 0-0 12. Bf3 Be6 13. Bf4 Qb6 14. Na4 Qd4 15. Qxd4 Nxd4 16. Bd1 Rfc8 17. Rc1 Bf5 18. Nc3 Ne6 19. Be5 d4 20. Bxf6 gxf6 21. Nd5 Kg7 22. Ne7 Bg6 23. Nxc8 Rxc8 24. f4 Be4 25. c3 f5 26. g3 d3 27. Rf2 Kf6 28. Rd2 a5 29. Kf2 b5 30. Ke3 Re8 31. Rxd3 Bxd3 32. Kxd3 Nc5+ 33. Kc2 Re3 34. Kd2 Re7 35. Bc2 Rd7+ 36. Ke3 Re7+ 37. Kf3 h5 38. Rd1 Ne4 39. Rd5 b4 40. axb4 axb4 41. cxb4 Rb7 42. Rxf5+ Kg7 43. Bxe4 Rxb4 44. Rxh5 Rxb2 45. Kg4 Rb6 46. Rc5 Rf6 47. h4 Kh6 48. Rc6 1-0

[Event "Palanga op"]
[Site "Palanga"]
[Date "2015.06.18"]
[Round "6"]
[White "Liutvinas, Laurynas"]
[Black "Ivanov, Igor Y"]
[Result "0-1"]
[WhiteElo "1668"]
[BlackElo "1835"]
[PlyCount "64"]
[EventDate "2015.06.15"]
[EventType "swiss"]
[EventRounds "9"]
[EventCountry "LTU"]
[SourceTitle "CBM 167 Extra"]
[Source "ChessBase"]
[SourceDate "2015.09.14"]
[SourceVersion "1"]
[SourceVersionDate "2015.09.14"]
[SourceQuality "1"]

1. d4 Nf6 2. Nf3 e6 3. g3 b6 4. Bg2 Bb7 5. 0-0 c5 6. e3 cxd4 7. exd4 Be7 8. Nbd2 d6 9. b3 Nbd7 10. Ba3 a6 11. c4 0-0 12. b4 d5 13. c5 a5 14. Qc2 axb4 15. Bxb4 bxc5 16. Bxc5 Nxc5 17. dxc5 Rc8 18. Qb3 Ba6 19. Rfc1 Bxc5 20. Bf1 Bxf1 21. Kxf1 Qd6 22. a4 e5 23. a5 e4 24. Ng1 Ng4 25. Nh3 Qh6 26. Qxd5 Qxh3+ 27. Ke2 Qxh2 28. Nxe4 Rfe8 29. Rxc5 Qxf2+ 30. Kd3 Qf3+ 31. Kd2 Rcd8 32. Nd6 Re2+ 0-1

[Event "Novomoskovsk"]
[Site "Novomoskovsk"]
[Date "2010.08.21"]
[Round "6"]
[White "Ivanov, Igor Y"]
[Black "Abramov, Anatoly"]
[Result "0-1"]
[WhiteElo "2078"]
[BlackElo "2105"]
[PlyCount "106"]
[EventDate "2010.08.21"]
[EventType "tourn"]
[EventRounds "13"]
[EventCountry "RUS"]
[SourceTitle "EXT 2022"]
[Source "ChessBase"]
[SourceDate "2021.10.06"]
[SourceVersion "1"]
[SourceVersionDate "2021.10.06"]
[SourceQuality "1"]

1. e4 c5 2. c3 d5 3. exd5 Qxd5 4. d4 Nf6 5. Nf3 g6 6. Be2 Bg7 7. 0-0 0-0 8. Na3 cxd4 9. Nxd4 a6 10. Bf3 Qc5 11. Qb3 Qc7 12. g3 e5 13. Ne2 Be6 14. Qxb7 Ra7 15. Qxc7 Rxc7 16. Rd1 Nbd7 17. Nc2 Nc5 18. Be3 Na4 19. b3 Nxc3 20. Nxc3 Rxc3 21. Nb4 a5 22. Nd5 Nxd5 23. Bxd5 Bg4 24. Rdc1 Rd3 25. Be4 Rd7 26. Rc5 f5 27. Bd5+ Kh8 28. Re1 f4 29. gxf4 exf4 30. Bc1 h6 31. Ba3 Rfd8 32. Rxa5 Bc3 33. Be6 Bxe1 34. Bxd7 Bxd7 35. Rd5 Ba5 36. Be7 Rc8 37. Bf6+ Kg8 38. Rxd7 f3 39. Rd1 Rc2 40. a3 g5 41. Bd4 Bc7 42. Be3 Kf7 43. Rc1 Rxc1+ 44. Bxc1 Ke6 45. h3 Kd5 46. Kf1 Kd4 47. Ke1 Kc3 48. b4 Kb3 49. Kd2 Kc4 50. Kc2 Bb6 51. h4 gxh4 52. Bxh6 Bxf2 53. Kd2 Bd4 0-1

[Event "Novomoskovsk"]
[Site "Novomoskovsk"]
[Date "2010.08.21"]
[Round "5"]
[White "Ivanov, Igor Y"]
[Black "Sushkov, Alexey"]
[Result "1/2-1/2"]
[WhiteElo "2078"]
[BlackElo "2019"]
[PlyCount "131"]
[EventDate "2010.08.21"]
[EventType "tourn"]
[EventRounds "13"]
[EventCountry "RUS"]
[SourceTitle "EXT 2022"]
[Source "ChessBase"]
[SourceDate "2021.10.06"]
[SourceVersion "1"]
[SourceVersionDate "2021.10.06"]
[SourceQuality "1"]

1. g3 Nf6 2. Bg2 c5 3. c4 Nc6 4. Nc3 g6 5. Nf3 e5 6. 0-0 Bg7 7. d3 0-0 8. Ne1 d6 9. Nc2 Be6 10. Rb1 d5 11. cxd5 Nxd5 12. Ne3 Nde7 13. Qa4 Rb8 14. Qb5 Qa5 15. Qxa5 Nxa5 16. b3 Rfd8 17. Ne4 b6 18. Nc4 Nac6 19. f4 f5 20. Ng5 Bd5 21. Bxd5+ Rxd5 22. fxe5 Nxe5 23. Bf4 N7c6 24. Rbd1 Re8 25. Bxe5 Nxe5 26. Nxe5 Rdxe5 27. e4 fxe4 28. Nxe4 Rd5 29. Rfe1 Red8 30. Re2 Rxd3 31. Rxd3 Rxd3 32. Ng5 Bd4+ 33. Kg2 Re3 34. Rxe3 Bxe3 35. Ne4 Kf7 36. Kf3 Bh6 37. Nc3 Bg7 38. Nb5 a6 39. Nc7 Be5 40. Nd5 b5 41. Ke4 Ke6 42. Ne3 h5 43. Ng2 g5 44. Ne3 g4 45. Ng2 c4 46. bxc4 bxc4 47. Ne3 c3 48. Kd3 Kd6 49. Ke4 Bh8 50. Nc2 Kc5 51. Kd3 Bg7 52. Ke4 Bh6 53. Kd3 Bd2 54. Nd4 Be1 55. Ne6+ Kd6 56. Nf4 h4 57. gxh4 Ke5 58. Ng2 Bd2 59. Ne3 Bxe3 60. Kxe3 Kf5 61. Kd3 Kg6 62. Kxc3 Kh5 63. Kd4 Kxh4 64. Ke4 Kh3 65. Kf4 Kh4 66. a4 1/2-1/2

[Event "Vladivostok op-B"]
[Site "Vladivostok"]
[Date "2010.08.12"]
[Round "9"]
[White "Ivanov, Igor Y"]
[Black "Chuhachev, Vladimir"]
[Result "0-1"]
[WhiteElo "2078"]
[BlackElo "1981"]
[PlyCount "88"]
[EventDate "2010.08.04"]
[EventType "swiss"]
[EventRounds "9"]
[EventCountry "RUS"]
[SourceTitle "EXT 2011"]
[Source "ChessBase"]
[SourceDate "2010.11.26"]
[SourceVersion "1"]
[SourceVersionDate "2010.11.26"]
[SourceQuality "1"]

1. e4 c5 2. Nf3 Nc6 3. d4 cxd4 4. Nxd4 Nf6 5. Nxc6 bxc6 6. Bd3 d5 7. exd5 cxd5 8. 0-0 e6 9. c4 Bd6 10. Nc3 0-0 11. cxd5 exd5 12. Bg5 Be6 13. Qd2 h6 14. Bf4 Bb4 15. a3 Bd6 16. Rfe1 Rb8 17. b4 Qc7 18. Bxd6 Qxd6 19. Nb5 Qd7 20. Nd4 Qd6 21. Rac1 Bd7 22. Rc5 Rfc8 23. Nb3 Rxc5 24. Nxc5 a5 25. Nxd7 Nxd7 26. Rb1 axb4 27. axb4 Ne5 28. Be2 d4 29. f4 Nd7 30. Bd3 Nb6 31. g3 Nd5 32. b5 Nc3 33. Rb3 Qc5 34. Qe1 Kf8 35. Qf1 Nd5 36. Qa1 Ne3 37. Qa3 Qxa3 38. Rxa3 g6 39. Ra4 Nf5 40. g4 Ne3 41. h3 h5 42. Rxd4 hxg4 43. h4 Nf5 44. Bxf5 gxf5 0-1

[Event "Vladivostok op-B"]
[Site "Vladivostok"]
[Date "2010.08.10"]
[Round "7"]
[White "Borodinov, Dmitri"]
[Black "Ivanov, Igor Y"]
[Result "1-0"]
[WhiteElo "2146"]
[BlackElo "2078"]
[PlyCount "97"]
[EventDate "2010.08.04"]
[EventType "swiss"]
[EventRounds "9"]
[EventCountry "RUS"]
[SourceTitle "EXT 2011"]
[Source "ChessBase"]
[SourceDate "2010.11.26"]
[SourceVersion "1"]
[SourceVersionDate "2010.11.26"]
[SourceQuality "1"]

1. e4 e5 2. Nf3 Nc6 3. c3 d5 4. Qa4 f6 5. exd5 Qxd5 6. d4 Bd7 7. Qd1 0-0-0 8. Be2 exd4 9. cxd4 Bb4+ 10. Nc3 Qa5 11. Bd2 Bg4 12. a3 Bxc3 13. bxc3 Nge7 14. 0-0 Nd5 15. Qc2 Nb6 16. a4 Rhe8 17. Rfe1 Qh5 18. a5 Nd5 19. Rab1 Rxe2 20. Rxe2 Bf5 21. Qc1 Bxb1 22. Qxb1 a6 23. c4 Nde7 24. Qe4 Qf5 25. d5 Qxe4 26. Rxe4 Ne5 27. Nxe5 fxe5 28. Rxe5 Ng6 29. Re2 Kd7 30. Bc3 Rg8 31. g3 Ne7 32. f4 Nf5 33. g4 Nd6 34. c5 Nb5 35. Bb4 g6 36. Kf2 Rf8 37. Kg3 Na7 38. Re5 Nc8 39. Ba3 Rf7 40. h4 Ne7 41. c6+ bxc6 42. Bxe7 Rxe7 43. dxc6+ Kd6 44. Rxe7 Kxe7 45. g5 Kf7 46. Kg4 Ke6 47. f5+ Ke5 48. fxg6 hxg6 49. h5 1-0

[Event "Vladivostok op-B"]
[Site "Vladivostok"]
[Date "2010.08.04"]
[Round "1"]
[White "Ivanov, Igor Y"]
[Black "Landina, Natalya"]
[Result "1-0"]
[WhiteElo "2078"]
[BlackElo "2024"]
[PlyCount "87"]
[EventDate "2010.08.04"]
[EventType "swiss"]
[EventRounds "9"]
[EventCountry "RUS"]
[SourceTitle "EXT 2011"]
[Source "ChessBase"]
[SourceDate "2010.11.26"]
[SourceVersion "1"]
[SourceVersionDate "2010.11.26"]
[SourceQuality "1"]

1. e4 c5 2. Nf3 Nc6 3. d4 cxd4 4. Nxd4 g6 5. Nxc6 bxc6 6. Bd3 Bg7 7. 0-0 d6 8. c4 Nf6 9. Nc3 0-0 10. h3 Ne8 11. Be3 f5 12. Qd2 e5 13. f4 Be6 14. Rac1 Nc7 15. Be2 Qe7 16. Rcd1 Rfd8 17. b3 Qh4 18. Kh2 Qf6 19. Rc1 Qe7 20. Bf3 fxe4 21. Nxe4 Bf5 22. Ng3 e4 23. Be2 d5 24. cxd5 cxd5 25. Bd4 Ne6 26. Bxg7 Qxg7 27. Rfd1 Qd7 28. Nxf5 gxf5 29. g3 h6 30. Qa5 Qd6 31. Qb5 Rab8 32. Qc6 Rb6 33. Qxd6 Rbxd6 34. Rc2 Kg7 35. Rcd2 d4 36. Bc4 Nc5 37. g4 Kf6 38. b4 Na4 39. Rg2 d3 40. g5+ hxg5 41. Rxg5 d2 42. Rdg1 Rd4 43. Rg7 R8d7 44. R1g6# 1-0

[Event "Donskoj"]
[Site "Donskoj"]
[Date "2007.07.14"]
[Round "9"]
[White "Ivanov, Igor Y"]
[Black "Saulin, Dmitri"]
[Result "0-1"]
[WhiteElo "2237"]
[BlackElo "2400"]
[PlyCount "31"]
[EventDate "2007.07.09"]
[EventType "tourn"]
[EventRounds "13"]
[EventCountry "RUS"]
[EventCategory "4"]
[SourceTitle "EXT 2009"]
[Source "ChessBase"]
[SourceDate "2008.11.26"]
[SourceVersion "1"]
[SourceVersionDate "2008.11.26"]
[SourceQuality "1"]

1. d4 d5 2. Nf3 Nf6 3. c4 dxc4 4. e3 c5 5. Bxc4 e6 6. 0-0 a6 7. dxc5 Qxd1 8. Rxd1 Bxc5 9. Nc3 b5 10. Bb3 Bb7 11. Bd2 Nbd7 12. a4 b4 13. Ne2 a5 14. Ng3 Rc8 15. Rac1 Ke7 16. Bc4 0-1

[Event "Donskoj"]
[Site "Donskoj"]
[Date "2007.07.11"]
[Round "5"]
[White "Ivanov, Igor Y"]
[Black "Kurilin, Alexander"]
[Result "0-1"]
[WhiteElo "2237"]
[BlackElo "2287"]
[PlyCount "86"]
[EventDate "2007.07.09"]
[EventType "tourn"]
[EventRounds "13"]
[EventCountry "RUS"]
[EventCategory "4"]
[SourceTitle "EXT 2009"]
[Source "ChessBase"]
[SourceDate "2008.11.26"]
[SourceVersion "1"]
[SourceVersionDate "2008.11.26"]
[SourceQuality "1"]

1. e4 e5 2. Nf3 Nc6 3. Bc4 Nf6 4. Ng5 Bc5 5. Nxf7 Bxf2+ 6. Kxf2 Nxe4+ 7. Kf1 Qh4 8. Qe1 Ng3+ 9. Qxg3 Qxc4+ 10. Ke1 Qxf7 11. d3 0-0 12. Be3 b6 13. Kd2 d5 14. Kc1 d4 15. Bh6 Kh8 16. Bg5 h6 17. Bd2 Be6 18. a3 Bd5 19. Be1 Qh5 20. Nd2 Qe2 21. Rg1 Rae8 22. b3 Ne7 23. Nf3 Bxf3 24. gxf3 Rf7 25. Bd2 Nf5 26. Qh3 Ne3 27. Bxe3 Qxe3+ 28. Kb2 Qxf3 29. Rg3 Qc6 30. Rc1 Ref8 31. Qg4 a5 32. Rg2 a4 33. b4 Qc3+ 34. Ka2 c5 35. Rb1 c4 36. Qg3 cxd3 37. cxd3 e4 38. dxe4 d3 39. Qe1 Qc4+ 40. Ka1 Qd4+ 41. Rgb2 Rf2 42. h3 R8f3 43. Qc1 d2 0-1

[Event "Donskoj"]
[Site "Donskoj"]
[Date "2007.07.10"]
[Round "3"]
[White "Ivanov, Igor Y"]
[Black "Sotnikov, Alexey"]
[Result "0-1"]
[WhiteElo "2237"]
[BlackElo "2340"]
[PlyCount "76"]
[EventDate "2007.07.09"]
[EventType "tourn"]
[EventRounds "13"]
[EventCountry "RUS"]
[EventCategory "4"]
[SourceTitle "EXT 2009"]
[Source "ChessBase"]
[SourceDate "2008.11.26"]
[SourceVersion "1"]
[SourceVersionDate "2008.11.26"]
[SourceQuality "1"]

1. e4 c5 2. Nc3 Nc6 3. f4 g6 4. Nf3 Bg7 5. Bc4 e6 6. e5 d5 7. exd6 Qxd6 8. Ne4 Qe7 9. 0-0 Nh6 10. Ne5 Nxe5 11. fxe5 Bxe5 12. d4 Bxd4+ 13. Kh1 Nf5 14. c3 Be5 15. Bb5+ Kf8 16. g4 Nd6 17. Bh6+ Kg8 18. Nxd6 Bxd6 19. Qf3 e5 20. Bc4 Be6 21. Bg5 Qd7 22. Bxe6 Qxe6 23. Bf6 e4 24. Qe3 Be7 25. Bxh8 Kxh8 26. g5 h6 27. gxh6 Rd8 28. Rad1 Rxd1 29. Rxd1 Kh7 30. b3 Bf8 31. c4 Bxh6 32. Qxc5 Qf6 33. Kg1 Qf3 34. Re1 e3 35. Rf1 Qg4+ 36. Kh1 Qe4+ 37. Kg1 e2 38. Re1 Be3+ 0-1

[Event "Tula"]
[Site "Tula "]
[Date "2007.02.20"]
[Round "12"]
[White "Ivanov, Igor Y"]
[Black "Arzumanian, Georgy"]
[Result "0-1"]
[WhiteElo "2351"]
[BlackElo "2474"]
[PlyCount "86"]
[EventDate "2007.02.13"]
[EventType "tourn"]
[EventRounds "15"]
[EventCountry "RUS"]
[EventCategory "7"]
[SourceTitle "EXT 2008"]
[Source "ChessBase"]
[SourceDate "2007.11.25"]
[SourceVersion "1"]
[SourceVersionDate "2007.11.25"]
[SourceQuality "1"]

1. d4 d5 2. c4 Nc6 3. cxd5 Qxd5 4. Nc3 Qxd4 5. Bd2 a6 6. e3 Qd6 7. Nf3 Nf6 8. Qa4 Bg4 9. Nb5 Qd8 10. Nbd4 Bd7 11. Qb3 Nxd4 12. Nxd4 c5 13. Nf3 b5 14. Rc1 c4 15. Qc2 g6 16. Be2 Bg7 17. 0-0 Bf5 18. Qd1 Ne4 19. Bc3 Nxc3 20. bxc3 Qc7 21. Nd4 Rd8 22. Qe1 Bc8 23. f4 0-0 24. Bf3 Rfe8 25. Qf2 e5 26. fxe5 Bxe5 27. g3 Rd6 28. Rfd1 Qc5 29. Rb1 Bh3 30. g4 Qa3 31. Qb2 Qa5 32. a4 Rf6 33. Be2 Qc7 34. Bf1 Bxg4 35. Rd2 bxa4 36. Qb4 Qd7 37. Qxc4 a3 38. Ra1 Bh3 39. Bxh3 Qxh3 40. Qe2 Bf4 41. Qg2 Qxe3+ 42. Qf2 Bxh2+ 43. Kf1 Qh3# 0-1

[Event "Tula"]
[Site "Tula "]
[Date "2007.02.18"]
[Round "9"]
[White "Ivanov, Igor Y"]
[Black "Leonov, Mikhail A"]
[Result "0-1"]
[WhiteElo "2351"]
[BlackElo "2446"]
[PlyCount "66"]
[EventDate "2007.02.13"]
[EventType "tourn"]
[EventRounds "15"]
[EventCountry "RUS"]
[EventCategory "7"]
[SourceTitle "EXT 2008"]
[Source "ChessBase"]
[SourceDate "2007.11.25"]
[SourceVersion "1"]
[SourceVersionDate "2007.11.25"]
[SourceQuality "1"]

1. e4 e5 2. Nf3 Nf6 3. d4 exd4 4. e5 Ne4 5. Qxd4 d5 6. exd6 Nxd6 7. Bd3 Nc6 8. Qf4 g6 9. 0-0 Bg7 10. Re1+ Be6 11. Ng5 0-0 12. Nc3 Bf5 13. Bxf5 Nxf5 14. Be3 Nxe3 15. Rxe3 Nd4 16. Rd1 h6 17. Nf3 c5 18. Qe4 Re8 19. Qxb7 Rxe3 20. fxe3 Rb8 21. Qxa7 Nxf3+ 22. Kh1 Nd2 23. Rxd2 Qxd2 24. Qxb8+ Kh7 25. g4 Qxe3 26. Kg2 Qd2+ 27. Kh3 Qxc2 28. Qb7 Qd3+ 29. Kh4 Bf6+ 30. g5 Bxg5+ 31. Kg4 h5+ 32. Kxg5 Qf5+ 33. Kh4 Qg4# 0-1

[Event "Tula"]
[Site "Tula "]
[Date "2007.02.17"]
[Round "8"]
[White "Kovchan, Alexander"]
[Black "Ivanov, Igor Y"]
[Result "1-0"]
[WhiteElo "2509"]
[BlackElo "2351"]
[PlyCount "67"]
[EventDate "2007.02.13"]
[EventType "tourn"]
[EventRounds "15"]
[EventCountry "RUS"]
[EventCategory "7"]
[SourceTitle "EXT 2008"]
[Source "ChessBase"]
[SourceDate "2007.11.25"]
[SourceVersion "1"]
[SourceVersionDate "2007.11.25"]
[SourceQuality "1"]

1. e4 c6 2. d4 d5 3. e5 Bf5 4. Nc3 e6 5. g4 Bg6 6. Nge2 c5 7. h4 cxd4 8. Nxd4 h5 9. Bb5+ Nd7 10. f4 hxg4 11. f5 Rxh4 12. Rf1 exf5 13. e6 fxe6 14. Nxe6 Qe7 15. Qe2 Rh2 16. Nc7+ Kd8 17. Qxe7+ Bxe7 18. Nxa8 Ngf6 19. Nc7 Kxc7 20. Bf4+ Bd6 21. Bxh2 Bxh2 22. Bd3 g3 23. Bxf5 Bxf5 24. Rxf5 g2 25. Kf2 g1Q+ 26. Rxg1 Bxg1+ 27. Kxg1 Kc6 28. Rg5 a6 29. Rxg7 Ne5 30. b4 Nfd7 31. Rh7 Nf8 32. Re7 Nfd7 33. Re6+ Kc7 34. Nxd5+ 1-0

[Event "Tula"]
[Site "Tula "]
[Date "2007.02.14"]
[Round "3"]
[White "Ivanov, Igor Y"]
[Black "Tishin, Petr"]
[Result "0-1"]
[WhiteElo "2351"]
[BlackElo "2407"]
[PlyCount "84"]
[EventDate "2007.02.13"]
[EventType "tourn"]
[EventRounds "15"]
[EventCountry "RUS"]
[EventCategory "7"]
[SourceTitle "EXT 2008"]
[Source "ChessBase"]
[SourceDate "2007.11.25"]
[SourceVersion "1"]
[SourceVersionDate "2007.11.25"]
[SourceQuality "1"]

1. d4 Nf6 2. c4 e6 3. Nc3 Bb4 4. Qc2 0-0 5. Bg5 h6 6. Bh4 d5 7. e3 c5 8. dxc5 Nc6 9. cxd5 exd5 10. 0-0-0 Bxc3 11. Qxc3 Ne4 12. Bxd8 Nxc3 13. bxc3 Rxd8 14. Nf3 Bg4 15. Rd2 Rac8 16. Be2 Na5 17. Kb2 Be6 18. Rd4 Rxc5 19. Bd3 Rdc8 20. Ra4 a6 21. Nd4 Bd7 22. Ra3 Nc4+ 23. Bxc4 dxc4 24. Nc2 Bc6 25. Rg1 Rg5 26. g4 f5 27. h3 fxg4 28. Rxg4 Rf8 29. Rxg5 hxg5 30. Ra5 Rxf2 31. Kc1 Bd7 32. Rxg5 Bxh3 33. Rc5 Bf1 34. a4 Bd3 35. Nd4 Rf1+ 36. Kd2 Ra1 37. Rc7 Rxa4 38. Rxb7 Ra2+ 39. Kd1 g5 40. Ne6 g4 41. Rg7+ Kh8 42. Rxg4 Be2+ 0-1

[Event "Tula"]
[Site "Tula "]
[Date "2007.02.13"]
[Round "1"]
[White "Ivanov, Igor Y"]
[Black "Sotnikov, Alexey"]
[Result "1/2-1/2"]
[WhiteElo "2351"]
[BlackElo "2362"]
[PlyCount "39"]
[EventDate "2007.02.13"]
[EventType "tourn"]
[EventRounds "15"]
[EventCountry "RUS"]
[EventCategory "7"]
[SourceTitle "EXT 2008"]
[Source "ChessBase"]
[SourceDate "2007.11.25"]
[SourceVersion "1"]
[SourceVersionDate "2007.11.25"]
[SourceQuality "1"]

1. Nf3 Nf6 2. c4 c5 3. Nc3 Nc6 4. g3 g6 5. Bg2 Bg7 6. 0-0 0-0 7. d4 cxd4 8. Nxd4 Nxd4 9. Qxd4 d6 10. b3 Bf5 11. Bb2 Ne4 12. Qe3 Nxc3 13. Bxc3 Bxc3 14. Qxc3 Qc7 15. Rad1 Bd7 16. Rfe1 Bc6 17. Bxc6 Qxc6 18. e4 a5 19. Rd5 a4 20. e5 1/2-1/2

[Event "Kireevsk"]
[Site "Kireevsk"]
[Date "2006.12.29"]
[Round "11"]
[White "Ivanov, Igor Y"]
[Black "Meshkov, Alexander"]
[Result "0-1"]
[WhiteElo "2351"]
[BlackElo "2390"]
[PlyCount "58"]
[EventDate "2006.12.23"]
[EventType "tourn"]
[EventRounds "13"]
[EventCountry "RUS"]
[EventCategory "5"]
[SourceTitle "EXT 2019"]
[Source "ChessBase"]
[SourceDate "2018.10.10"]
[SourceVersion "1"]
[SourceVersionDate "2018.10.10"]
[SourceQuality "1"]

1. d4 d5 2. c4 dxc4 3. e4 e5 4. Bxc4 Qxd4 5. Qxd4 exd4 6. Ne2 Nc6 7. 0-0 Be6 8. Bb5 0-0-0 9. f4 Bc5 10. Kh1 d3 11. Nec3 Nb4 12. f5 Bd7 13. a3 Nc2 14. Ra2 Bxb5 15. Nxb5 Nf6 16. Bg5 Nxe4 17. Bxd8 Rxd8 18. b4 Bb6 19. N5c3 Ne3 20. Rc1 d2 21. Nxd2 Nf2+ 22. Kg1 Nd3 23. Rca1 Nd5+ 24. Kf1 Nxc3 25. Rc2 Bd4 26. Nf3 Bf6 27. Ne1 Nd5 28. Raa2 Ne3+ 29. Ke2 Nxc2 0-1